Меморандум советской делегации в Европейской Консультативной Комиссии (ЕКК) "О структуре и задачах союзных органов военного упра...

RUSMARC
00005523cbm0a2200337#x 450
00113e8470b-1093-4de2-a6b0-96c182dc0d9d
00520241107102701.0
100##$a20241105j19440708k###0rusy50 ca
1010#$arus
102##$aGB
1220#$ad19440708##
2001#$aМеморандум советской делегации в Европейской Консультативной Комиссии (ЕКК) "О структуре и задачах союзных органов военного управления и контроля в оккупированной Германии"
$j8 июля 1944 г.
251##$cДокумент
300##$aКопия
461#0$12001
$aФ. 06
$1251
$cФонд
$1852
$j06
462#0$12001
$aОп. 6. П. 62
$1251
$cОпись
$1852
$j6. П. 62
462#0$12001
$aД. 836
$vЛ. 61-65
$1251
$cДело
$1852
$j836
60101$2nlr_sh
$3RU\NLR\AUTH\661367497
$aСССР
$bМинистерство иностранных дел
$xИстория
$jДокументы и материалы
60112$2nlr_sh1
$3RU\NLR\AUTH\66290556
$aЕвропейская консультативная комиссия по Германии
$z1944 - 1945
$jДокументы и материалы
605##$2prlib_sh
$3LIBNET\UAF\0000088514
$aВторая мировая война в архивных документах (Комплекс оцифрованных архивных документов, кино- и фотоматериалов)
$lколлекция
605##$2acquisition_Prlib
$3DITM\AF\0000002775
$aВласть
$lколлекция
6061#$2nlr_sh1
$3RU\NLR\AUTH\66240970
$aВторая мировая война
$z1939 - 1945
$xПроекты послевоенного устройства Германии
$jДокументы и материалы
607##$2nlr_sh
$3RU\NLR\AUTH\661042768
$aСССР
$xВнешняя политика
$z1941 - 1945
$jДокументы и материалы
686##$a63.3(2)622-64ю1
$2rubbk
$vLBC/M
686##$a63.3(0)62-64ю1
$2rubbk
$vLBC/M
686##$a63.3(4Гем)62ю1
$2rubbk
$vLBC/M
801#0$aRU
$bПБ им. Б.Н. Ельцина
$c20241105
801#1$aRU
$bПБ им. Б.Н. Ельцина
$c20241105
$2rusmarc
801#2$aRU
$bПБ им. Б.Н. Ельцина
$c20241107
$2rusmarc
850##$aАрхив внешней политики Российской Федерации
852##$aАВП РФ
$jЛ. 61-65
035##$aLIBNET\0001434296
937##$d194713090
$hФедеральное архивное агентство
8564#$uhttp://readingroom.main.prlib.ru/item.aspx?id_node=n194713090&mode=full
Формат отображения